| 000 | 00397nam a22001697a 4500 | ||
|---|---|---|---|
| 005 | 20260310164225.0 | ||
| 008 | 260310b |||||||| |||| 00| 0 eng d | ||
| 020 | _a978-93-95759-37-3 | ||
| 041 | _aeng | ||
| 082 | _a346.066 RAJ-C | ||
| 100 |
_aRAJORIA, DR. KRATI _98891 |
||
| 245 | _aCOMPANY LAW | ||
| 260 |
_aFARIDABAD _bALLAHABAD LAW AGENCY |
||
| 300 | _a323;P | ||
| 650 | _aLAW | ||
| 942 | _cBK | ||
| 999 |
_c9071 _d9069 |
||